000 00561cam a22002053a 4500
001 41937
003 PGUSA
005 20140828083939.0
008 130128s2013||||xxu|||||s|||||000 | eng d
040 _aPGUSA
_beng
042 _adc
100 1 _aLockwine, Alexandra G.
245 1 0 _aCamping
_h[electronic resource] /
_cAlexandra G. Lockwine
260 _bProject Gutenberg,
_c2013
506 _aPublic domain in the USA.
516 _aElectronic text
830 0 _aProject Gutenberg
_v41937
856 4 0 _uhttp://www.gutenberg.org/ebooks/41937
942 _cEB
999 _c271189
_d271189